00848nam a22002177a 4500003000900000005001700009008004400026020001500070040002200085082001500107100001800122245012000140260005400260300002800314700002900342942001200371945002800383952016200411956004000573999001700613DO-SdBNP20180213110905.0180213b 1993 xxu a0516360019| 00| 0 spa d a0516360019 aBPMSUbspacBPMSU 4axxxxbxxxx1 aFowler, Allan13aEl animal más grande del mundo :bmis primeros libros de ciencia /cAllan Fowler ; traducción Aída E. Marcuse aChicago, Estados Unidos :bChildren press,c1993. a32 p. :bil. ;c 18 cm.1 aE. Marcuse, Aída,etr. 2ddccBK aInventariado, 2018 / BT 00102ddc40708CI-GaBPMETbBPMETd2018-02-13eAgencia de cooperación internacional del Japónl0oxxxx xxxxpBPMSU18020137r2018-02-13w2018-02-13yBK aBTAVAREZb10d20180213fBPMSUh0038 c13288d13288